A salute to America on its two-hundredth anniversary /
A descriptive brochure prepared on the occasion of the opening ceremonies of the Islamic Bicentennial Exhibition at the Islamic Center, Washington, D.C. sponsored by the Supreme Council for Islamic Affairs, Egypt.
المؤلف الرئيسي:
التنسيق: كتاب
اللغة: English
منشور في:
Washington, DC :
Islamic Center,
1976.
الموضوعات:
الوسوم: إضافة وسم
رقم الطلب: DLIR
| LEADER | 01376nam a22003371 4500 | ||
|---|---|---|---|
| 001 | 960 | ||
| 005 | 20200322150013.0 | ||
| 008 | 130303s1976 dcuac e c 000 0 eng d | ||
| 952 | |0 0 |1 0 |2 lcc |4 0 |7 1 |9 25081 |a ARCE |b ARCE |d 2022-01-25 |l 0 |r 2022-01-25 00:00:00 |w 2022-01-25 |y BK | ||
| 999 | |c 6977 |d 6977 | ||
| 035 | |a tmp00539432 | ||
| 049 | |a EARC | ||
| 099 | |a DLIR | ||
| 100 | 1 | |a Hamarneh, Sami Khalaf, |d 1925- |e author. |9 31435 | |
| 245 | 1 | 2 | |a A salute to America on its two-hundredth anniversary / |c by Sami Khalaf Hamarneh. |
| 264 | 1 | |a Washington, DC : |b Islamic Center, |c 1976. | |
| 300 | |a 23 pages : |b illustrations, portraits ; |c 24 cm | ||
| 336 | |a text |b txt |2 rdacontent | ||
| 337 | |a unmediated |b n |2 rdamedia | ||
| 338 | |a volume |b nc |2 rdacarrier | ||
| 520 | |a A descriptive brochure prepared on the occasion of the opening ceremonies of the Islamic Bicentennial Exhibition at the Islamic Center, Washington, D.C. sponsored by the Supreme Council for Islamic Affairs, Egypt. | ||
| 610 | 2 | 0 | |a Islamic Center of America. |
| 650 | 0 | |a Islamic antiquities |v Exhibitions. | |
| 650 | 0 | |a Islamic art and symbolism |v Exhibitions. | |
| 902 | |a 21-10-97 | ||
| 907 | |a .b10907105 | ||
| 907 | |a .b2372609x |b 02-05-08 |c 01-30-08 | ||
| 942 | |c BK |2 lcc | ||
| 945 | |g 1 |i mq42222 |l 1arce |o z |p $0.00 |q |r |s w |t 0 |u 0 |v 0 |w 0 |x 0 |y .i32735121 |z 02-05-08 | ||
| 998 | |b 01-30-08 |c m |d - |i 1 | ||
| 998 | |b 1 |c 30-01-97 |d m | ||
